01189nam a2200229 a 4500008004100000020001800041050001400059100002000073245013000093260004100223300002200264350001000286650001500296700002200311700002200333700002000355995015400375995015300529999001700682952013000699952013000829160505s2010 ||||||||||||||||| || u a9781847875389 aBF 77 Ess aWinder, Belinda10aEssential psychology: a concise introductioncEdited By Philip Banyard, Mark N.O. Davies, Christine Norman and Belinda Winder aLos AngelesbSAGE Publicationsc2010 axiii, 454p.: ill. a66.00 3aPSYCHOLOGY aNorman, Christine aDavies, Mark N. O aBanyard, Philip aMAIN LIBRARY OPEN ACCESSe746060FCBU-MAIN LIBRARY (Kitwe)I66.00jBF 77 EssM2UAVAILABLEWJun 29, 2016y746060ZMain Library Open Access Collection aMAIN LIBRARY OPEN ACCESSe745675FCBU-MAIN LIBRARY (Kitwe)I66.00jBF 77 EssM1UAVAILABLEWMay 6, 2016y745675ZMain Library Open Access Collection c62816d62816 00102lcc4070a001b001cMain Library Open Access Collectiond2022-12-16l0oBF 77 Essp746060r2022-12-16w2022-12-16y002 00102lcc4070a001b001cMain Library Open Access Collectiond2022-12-16l0oBF 77 Essp745675r2022-12-16w2022-12-16y002